000 00681nam a2200217 i 4500
001 101165
003 ES-MaACL
005 20250911062649.0
007 t|
008 051013s1944 sp ||||1| spa d
100 1 _aMaurois, André,
_d1885-1967
_979267
245 1 0 _aBernardo Quesnay /
_cAndré Maurois, [seud.] de Emile Herzog; [traducción del francés por Rafael Vázquez-Zamora].
250 _a[1ª ed.].
260 _aBarcelona :
_bDestino,
_c1944.
300 _a221 p. ;
_c20 cm.
490 1 _aAncora y delfín
700 1 _aVázquez Zamora, Rafael,
_d1911-1972
_9113498
830 0 0 _aÁncora y Delfín
_9151298
852 _aES-MaACL
_jE-726
999 _c101165
_d101165